000 00689nam a2200289Ia 4500
005 20260324114609.0
008 008 260324s9999 xx 000 0 eng d
020 _a9781003314974
037 _aEBOOK
040 _aCRL
040 _beng
040 _cCRL
041 _2eng
041 _aeng
084 _qCRL
100 _aChinmay K. Maiti
_91151410
245 0 _aFabless Semiconductor Manufacturing
245 0 _bIn the Era of Internet of Things
260 _bTaylor and Francis
260 _c2022
365 _a
365 _b240
856 _uhttp://www.taylorfrancis.com/books/9781003314974
942 _cEBOOK
999 _c1741678
_d1741678